000 00358nam a2200097Ia 4500
008 220120s9999||||xx |||||||||||||| ||und||
100 _aAmulya, Anjaly, Anju Thomas and Lahari
_912688
245 0 _aDetect and avoid sinkhole attack in WSN using beed protocol
260 _aCoorg Institute of Technology
_bPonnampet
_c2003
650 _aELECTRONICS AND COMMUNICATIONS
999 _c138288
_d138288